| 000 | 00760nas a2200253 i 4500 | ||
|---|---|---|---|
| 001 | 393 | ||
| 003 | ES-MaACL | ||
| 005 | 20250731030151.0 | ||
| 007 | t| | ||
| 008 | 950801d18811897sp | | 1 ||pa d | ||
| 080 | _a460 | ||
| 245 | 0 | 3 |
_aEl Boletin agricola _b: revista popular de agricultura, industria y comercio. |
| 260 |
_aMadrid : _bImp. M. Minuesa de los RĂos, _c1881-1897. |
||
| 300 |
_a1 v. ; _c27 cm. |
||
| 310 | _aQuincenal, decenal en el 82 | ||
| 362 | 0 | _a(19 n.1881)-1897. | |
| 650 | 1 | 7 |
_aAgricultura _2embne _99670 |
| 655 | 7 |
_2tgfbne _9226866 _aRevistas |
|
| 852 |
_aES-MaACL _jHEM-H-65 _dOlim: Hem-1120 _cHEM |
||
| 866 | 0 | _o1887. | |
| 942 |
_2udc _cPERIODICA |
||
| 999 |
_c393 _d393 |
||